Представление документа в формате MARC21

Поле Инд. ПП Название Значение
Тип записи a
Библиографический уровень m
001 Контрольный номер RU/IS/BASE/396107384
005 Дата корректировки 20221115094454.5
040 b Код языка каталог. rus
041 0_ a Код языка текста rus
080 a Индекс УДК 004.42
084 a Индекс другой классификации/Индекс ББК 32.973.202
090 a Полочн. индекс 681.3
x Авторский знак Ф73
097 b Оператор 11
100 1_ a Автор Флорес А.
245 10 a Заглавие Программное обеспечение
c Ответственность пер. с англ. Д. Б. Подшивалова ; под ред. В. М. Курочкина
260 a Место издания М.
b Издательство Мир
c Дата издания 1971
300 a Объем 519 с.
b Иллюстрации/ тип воспроизводства ил.
510 0_ a Примечание о ссылках Книги и методические пособия
650 04 a Основная рубрика 50.41 Программное обеспечение вычислительных машин, комплексов и сетей
x Основная подрубрика 50.41.17 Системное программное обеспечение
653 0_ a Ключевые слова цифровые вычислительные машины; программное обеспечение
901 t Тип документа m